00497nam a22001457a 4500020001600000040000900016082001800025100002900043245004200072260004800114650005000162942001200212999001900224952010800243 a047111216-x cNust a537.6226bPER aSankar Das Sarna9127452 aPerspectives in quantum Hall effects aNew York:bJohn Willey and sons Inc,c1997. aPerspectives in quantum Hall effects9127453 2ddccBK c612575d612575 00102ddc4070aCEMEbCEMEcGENd2025-01-10l0o537.6226 PERpCEME- 34963r2025-01-10w2025-01-10yBK